LEADER 00999nam a2200229 4500 001 000000348629 003 CaOOAMICUS 005 20211124121546.0 008 211124s2015 xxkd 000 u eng r 020 $a978-1-107-69253-4 040 $aSeMil$bita 100 1 $aSober, Elliot,$d<1948- >.$0(OLS)http://semarc/name/85925 245 10$aOckham's razors :$ba user's manual /$cElliot Sober. 264 1$aCambridge :$bCambridge University Press,$c2015. 300 $aX, 314 p. :$bill. ;$c25 cm 650 4$aGuglielmo : di Ockham - Pensiero filosofico.$0(OLS)http://semarc/subject/51268 850 $aSeMil 852 $aSeMil$W1$xVenegono$y1$m2P V 658$j230224$B239750$CSeMilBibl$Z2$F239750 $81 996 $6020$a978-1-107-69253-4$9(OLS)http://semarc/number/294670 996 $6245$aOckham's razors :$ba user's manual$9(OLS)http://semarc/title/438064 996 $6264$aCambridge :$bCambridge University Press$9(OLS)http://semarc/publisher/30298 LEADER 00826nam a2200229 i 4500 001 000000099085 003 CaOOAMICUS 005 20180830171851.0 008 180830s1984 xx u000 u und u 013 $a71237 040 $aSeMil$bita 245 10$aInni cristiani. 260 $aMilano :$bRusconi,$c1984. 300 $a165 p. 650 4$aInni religiosi.$0(OLS)http://semarc/subject/5556 650 4$aLiturgia.$0(OLS)http://semarc/subject/1618 700 1 $aComini, Angelo.$0(OLS)http://semarc/name/20120 700 1 $aPomilio, Mario,$d<1921-1990>.$0(OLS)http://semarc/name/4097 850 $aSeMil 852 $aSeMil$W1$xVenegono$y1$m72 8 4 *$j56722$B56722$CSeMilBibl$Z2$F66596 $81 996 $6245$aInni cristiani$9(OLS)http://semarc/title/146726 996 $6260$aMilano :$bRusconi$9(OLS)http://semarc/publisher/30258 LEADER 00653nam a2200181 i 4500 001 000000102741 003 CaOOAMICUS 005 20010830000000.0 008 010830s1968 it u000 u ita u 013 $a74894 040 $aSeMil$bita 245 10$aProtestantesimo - Vita. 260 $aBrescia :$bQueriniana,$c1968. 773 0 $tDizionario teologico.$dBrescia : Queriniana, 1966-1968.$gVol.3$w()6548 850 $aSeMil 852 $aSeMil$W1$xVenegono$y1$mSL1.P IV 5$j59202$B59202$CSeMilBibl$Z2$F43651 $8I 996 $6245$aProtestantesimo - Vita$9(OLS)http://semarc/title/149451 996 $6260$aBrescia :$bQueriniana$9(OLS)http://semarc/publisher/29615